000 00942 a2200241 4500
999 _c6079
_d6079
020 _a9211316634
050 0 0 _aHQ1236.5 BEN 2002
100 1 _aBenschop, Marjolein.
_eauthor
245 1 0 _aRights and reality :
_bare women's equal rights to land, housing and property implemented in East Africa? /
_cby Marjolein Benschop.
264 _aNairobi:
_bUnited Nations Human Settlements Programme,
_c2002
300 _a198 p. :
_bill. (some col.) ;
500 _a"April 2002."
500 _a"HS/667/02E"--T.p. verso.
504 _aIncludes bibliographical references (p. 193-198).
650 0 _aWomen's rights
650 0 _aWomen
_xLegal status, laws, etc.
650 0 _aRight of property
650 0 _aLand tenure
_xLaw and legislation
650 0 _aHousing
_xLaw and legislation
710 2 _aUnited Nations Human Settlements Programme.
942 _2lcc
_cBK
_h1236.5
_iBEN
_kHQ